00431nam a2200157Ia 4500008004100000020001400041082001700055100002400072245003600096250000700132260004500139300002800184500001900212600002700231650001500258240925s9999 xx 000 0 und d a130834432 a621.3822 OPP aOppenheim ,Alan V. 0aDiscrete-Time Signal Processing aNA aNew Jersey:bPrintice- Hall Int.c,1998. axix,256p.bNAfOriginal aIncludes Index aElectronic Engineering aTechnology